000 01111nam a22002537a 4500
003 NALT
005 20251125232938.0
008 s2536 th tha d
040 _aNALT
041 _atha
050 _aJQ1745.A1 ร314อ 2536
100 0 _aรังสรรค์ ธนะพรพันธุ์
245 1 0 _aอนิจลักษณะของการเมืองไทย : เศรษฐศาสตร์วิเคราะห์ว่าด้วยการเมือง
260 3 _aกรุงเทพฯ :
_bผู้จัดการ,
_c2536
300 _a240 หน้า :
_b ตาราง
650 0 4 _aไทย -- การเมืองและการปกครอง -- รวมเรื่อง
650 0 4 _aนายกรัฐมนตรี -- ไทย
650 0 4 _aนักการเมือง
650 0 4 _aการเลือกตั้ง
850 _aNALT
856 4 0 _uhttps://hdl.handle.net/20.500.14156/336094
942 _cGB
_2lcc
999 _c40870
_d40870
998 _j109
_k อารีรัตน์ วิชาช่าง